[Event "ENCI Limburg-open C"]
[Site "Maastricht"]
[Date "2012.05.26"]
[Round "2"]
[White "Beissel, Daniel"]
[Black "Boer, Jan"]
[Result "1-0"]
[WhiteElo "1611"]
[BlackElo "1730"]
[PlyCount "127"]
[EventDate "2012.05.25"]
[EventType "swiss"]
[EventRounds "7"]
[EventCountry "NED"]
[Source "P.Boonen"]
[SourceDate "2013.01.01"]

1. d4 Nf6 2. Nd2 d5 3. e3 Bf5 4. Ngf3 e6 5. Be2 h6 6. O-O Bd6 7. b3 O-O 8. Bb2
Nbd7 9. c4 c6 10. c5 Bc7 11. b4 Re8 12. a4 Qe7 13. b5 e5 14. Qc1 e4 15. Nh4 Be6
16. g3 Nh7 17. bxc6 bxc6 18. Bc3 Ng5 19. Ng2 Qf6 20. Nf4 Nh3+ 21. Nxh3 Bxh3 22.
Re1 Rab8 23. Qc2 Qg5 24. Bf1 Bf5 25. Reb1 h5 26. Bg2 h4 27. Rxb8 Rxb8 28. Nf1
h3 29. Bh1 Nf8 30. Rb1 Ng6 31. Rxb8+ Bxb8 32. Be1 Bd7 33. Qb1 Qd8 34. Qb7 f5
35. Qa6 Qe8 36. Ba5 Nf8 37. Qb7 Ne6 38. Nd2 g5 39. f3 exf3 40. Nxf3 g4 41. Ne1
Ng5 42. Kf2 Ne4+ 43. Bxe4 fxe4 44. Bc7 Qf8+ 45. Ke2 Bxc7 46. Qxc7 Qc8 47. Qxa7
Qe8 48. a5 Bc8 49. a6 Kf8 50. Kf2 Qf7+ 51. Qxf7+ Kxf7 52. a7 Bb7 53. Nc2 Ke6
54. Nb4 Kd7 55. Na6 Kc8 56. Nb8 Ba8 57. Ke1 Kb7 58. Nd7 Kxa7 59. Ne5 Bb7 60.
Nxg4 Bc8 61. Ne5 Kb7 62. g4 Kc7 63. Kf2 Be6 64. Kg3 1-0

[Event "ENCI Limburg-open C"]
[Site "Maastricht"]
[Date "2012.05.26"]
[Round "2"]
[White "Beukema, Christiaan"]
[Black "Helsen, Roger"]
[Result "1/2-1/2"]
[WhiteElo "1146"]
[BlackElo "1556"]
[PlyCount "109"]
[EventDate "2012.05.25"]
[EventType "swiss"]
[EventRounds "7"]
[EventCountry "NED"]
[Source "P.Boonen"]
[SourceDate "2013.01.01"]

1. e4 d5 2. exd5 Qxd5 3. Nc3 Qd8 4. Nf3 Nf6 5. Bc4 Bf5 6. O-O e6 7. a3 c6 8. d4
Be7 9. Bg5 O-O 10. Ne5 Nbd7 11. f4 h6 12. Bh4 Nb6 13. Kh1 Nxc4 14. Nxc4 Nd5 15.
Nxd5 Bxh4 16. Nde3 Bf6 17. Nxf5 exf5 18. c3 Re8 19. Qd3 Qd5 20. Rfe1 Re4 21.
Ne3 Rae8 22. Kg1 Qe6 23. Kf2 Rxf4+ 24. Ke2 Re4 25. Kf2 Bg5 26. Nc2 f4 27. Rxe4
Qxe4 28. Qxe4 Rxe4 29. Re1 Bh4+ 30. g3 fxg3+ 31. hxg3 Rxe1 32. Nxe1 Bg5 33. Nd3
Kf8 34. Kf3 Ke7 35. Nc5 b6 36. Nd3 Kd6 37. c4 f5 38. b4 Bf6 39. c5+ Kd5 40.
cxb6 axb6 41. a4 Bxd4 42. Nf4+ Kc4 43. Ne6 Bc3 44. a5 bxa5 45. bxa5 Bxa5 46.
Kf4 Kd5 47. Nxg7 Bc3 48. Nxf5 Bd2+ 49. Kg4 c5 50. Kf3 c4 51. Ke2 Bg5 52. g4 Ke5
53. Kd1 Kf4 54. Kc2 Kxg4 55. Nxh6+ 1/2-1/2

[Event "ENCI Limburg-open C"]
[Site "Maastricht"]
[Date "2012.05.26"]
[Round "2"]
[White "Beukema, Constantijn"]
[Black "Parren, Ashley"]
[Result "0-1"]
[WhiteElo "800"]
[BlackElo "1290"]
[PlyCount "36"]
[EventDate "2012.05.25"]
[EventType "swiss"]
[EventRounds "7"]
[EventCountry "NED"]
[Source "P.Boonen"]
[SourceDate "2013.01.01"]

1. e4 e5 2. Nf3 Nc6 3. Nc3 Nf6 4. Bc4 Nxe4 5. Nxe4 d5 6. Bxd5 Qxd5 7. Nc3 Qd8
8. O-O Bg4 9. h3 Bh5 10. Re1 Qf6 11. Nxe5 Bxd1 12. Nxc6+ Kd7 13. Ne5+ Kc8 14.
Nxd1 Bd6 15. Ng4 Qg6 16. d3 b6 17. Ne5 Re8 18. Nxg6 Rxe1# 0-1

[Event "ENCI Limburg-open C"]
[Site "Maastricht"]
[Date "2012.05.26"]
[Round "2"]
[White "Beukema, Jasper"]
[Black "Slagter, Maxim"]
[Result "1/2-1/2"]
[WhiteElo "1625"]
[BlackElo "1374"]
[PlyCount "113"]
[EventDate "2012.05.25"]
[EventType "swiss"]
[EventRounds "7"]
[EventCountry "NED"]
[Source "P.Boonen"]
[SourceDate "2013.01.01"]

1. e4 e5 2. Nf3 Nc6 3. Bc4 Bc5 4. O-O Nf6 5. Nc3 d6 6. d3 Bg4 7. h3 Bh5 8. Be3
Nd4 9. Bxd4 Bxd4 10. g4 Bxc3 11. bxc3 Bg6 12. Nh4 Nd7 13. Nxg6 hxg6 14. Qf3 Qf6
15. Qxf6 Nxf6 16. Kg2 Ke7 17. Rab1 b6 18. f4 Raf8 19. fxe5 dxe5 20. Rf3 Nh7 21.
d4 Ng5 22. Re3 Rd8 23. d5 Rd6 24. Rf1 f6 25. Bd3 c6 26. c4 c5 27. Rb1 Rh6 28.
Rb3 Kd8 29. Bf1 Kc7 30. a4 a5 31. Kg3 Rd8 32. Rb1 Rdh8 33. Kh2 Nf7 34. Reb3 Rb8
35. Bg2 Nd6 36. Rc3 Rhh8 37. Re1 Ne8 38. Rb3 Kb7 39. Bf1 Nc7 40. Reb1 Ka7 41.
Rd1 Na6 42. Kg3 g5 43. c3 Nc7 44. Rb2 Ne8 45. Rbd2 Nd6 46. Bd3 Rbd8 47. Rh2 Nc8
48. Rdh1 Rh4 49. Rb1 Ne7 50. Rd1 Ng6 51. Be2 Rd6 52. Rb1 Nf4 53. Rd1 Kb7 54.
Bd3 Rd8 55. Bf1 Kc7 56. Rb1 Rdh8 57. Rd1 1/2-1/2

[Event "ENCI Limburg-open C"]
[Site "Maastricht"]
[Date "2012.05.26"]
[Round "2"]
[White "Calje, Adrey"]
[Black "De Bruin, Joost"]
[Result "0-1"]
[WhiteElo "1032"]
[BlackElo "1729"]
[PlyCount "54"]
[EventDate "2012.05.25"]
[EventType "swiss"]
[EventRounds "7"]
[EventCountry "NED"]
[Source "P.Boonen"]
[SourceDate "2013.01.01"]

1. e4 e6 2. d4 d5 3. Nc3 Bb4 4. Bd2 Bxc3 5. Bxc3 dxe4 6. Qd2 Nf6 7. O-O-O O-O
8. f3 b6 9. Bb4 Re8 10. h4 Bb7 11. Bb5 c6 12. Be2 Ba6 13. c4 Nbd7 14. Qe3 exf3
15. Qxf3 Qc7 16. g4 c5 17. dxc5 Nxc5 18. Rh2 Qxh2 19. g5 Bb7 20. Qf1 Nfd7 21.
Nf3 Bxf3 22. Bxf3 Rac8 23. h5 Qf4+ 24. Bd2 Qf5 25. Bb4 Ne5 26. Be2 Qxf1 27.
Bxf1 Red8 0-1

[Event "ENCI Limburg-open C"]
[Site "Maastricht"]
[Date "2012.05.26"]
[Round "2"]
[White "Chappin, Rene"]
[Black "Havenith, Michael"]
[Result "1/2-1/2"]
[WhiteElo "1592"]
[BlackElo "1691"]
[PlyCount "33"]
[EventDate "2012.05.25"]
[EventType "swiss"]
[EventRounds "7"]
[EventCountry "NED"]
[Source "P.Boonen"]
[SourceDate "2013.01.01"]

1. e4 c6 2. d4 d5 3. exd5 cxd5 4. Nf3 Nf6 5. Bb5+ Bd7 6. Bxd7+ Qxd7 7. Ne5 Qd8
8. c3 Nc6 9. f4 e6 10. O-O Bd6 11. Nd2 Qb6 12. Ndf3 Bxe5 13. fxe5 Ne4 14. Qb3
Qxb3 15. axb3 O-O 16. Ng5 Nxg5 17. Bxg5 1/2-1/2

[Event "ENCI Limburg-open C"]
[Site "Maastricht"]
[Date "2012.05.26"]
[Round "2"]
[White "Cios, Maciej"]
[Black "Mohr, Markus"]
[Result "1/2-1/2"]
[WhiteElo "1528"]
[BlackElo "1655"]
[PlyCount "96"]
[EventDate "2012.05.25"]
[EventType "swiss"]
[EventRounds "7"]
[EventCountry "NED"]
[Source "P.Boonen"]
[SourceDate "2013.01.01"]

1. e4 d5 2. exd5 Qxd5 3. Nc3 Qa5 4. d4 Nf6 5. Bd2 Qb6 6. Bc1 c6 7. Nf3 Bf5 8.
Bc4 e6 9. a3 Bd6 10. O-O Nbd7 11. Re1 O-O 12. h3 Qc7 13. Bd3 Bxd3 14. Qxd3 Nb6
15. Ne4 Nxe4 16. Qxe4 h6 17. Qg4 Kh8 18. Qh5 Bf4 19. Bxf4 Qxf4 20. g3 Qd6 21.
Qe5 Qd5 22. Qxd5 cxd5 23. Ne5 Rac8 24. c3 Nc4 25. Nxc4 Rxc4 26. Rec1 Rfc8 27.
Kf1 b5 28. Ke2 a5 29. Kd3 Kg8 30. Rc2 Kf8 31. b3 R4c7 32. Rac1 Ke7 33. c4 bxc4+
34. bxc4 dxc4+ 35. Rxc4 Kd6 36. Rxc7 Rxc7 37. Rxc7 Kxc7 38. Kc4 Kc6 39. a4 h5
40. g4 hxg4 41. hxg4 g5 42. f3 f6 43. Kd3 Kd5 44. Kc3 Kd6 45. Kc4 Kc6 46. Kd3
f5 47. Kc4 f4 48. Kd3 Kd5 1/2-1/2

[Event "ENCI Limburg-open C"]
[Site "Maastricht"]
[Date "2012.05.26"]
[Round "2"]
[White "Conte, Roberto"]
[Black "Dekens, Joop"]
[Result "0-1"]
[WhiteElo "1368"]
[BlackElo "1594"]
[PlyCount "102"]
[EventDate "2012.05.25"]
[EventType "swiss"]
[EventRounds "7"]
[EventCountry "NED"]
[Source "P.Boonen"]
[SourceDate "2013.01.01"]

1. e4 d6 2. d4 Nf6 3. Nc3 g6 4. Nf3 Bg7 5. Be3 O-O 6. Bc4 Nxe4 7. Nxe4 d5 8.
Bd3 dxe4 9. Bxe4 f5 10. Bd3 c5 11. Qd2 Nc6 12. Bc4+ Kh8 13. c3 Na5 14. Be2 cxd4
15. Bxd4 Bxd4 16. Qxd4+ Qxd4 17. Nxd4 e5 18. Nf3 Nc6 19. Bc4 e4 20. Ng5 Ne5 21.
b3 Nxc4 22. bxc4 h6 23. Nh3 Be6 24. Rb1 Bxc4 25. Nf4 Bf7 26. Rxb7 Rab8 27. Rxb8
Rxb8 28. Ke2 g5 29. Nh3 Bxa2 30. Rc1 Bc4+ 31. Ke3 Rd8 32. f3 Rd3+ 33. Kf2 e3+
34. Ke1 Rd2 35. Rd1 Rxd1+ 36. Kxd1 Bf1 37. Ke1 a5 38. Ng1 a4 39. Kd1 e2+ 40.
Nxe2 Bxe2+ 41. Kc2 Bc4 42. Kb2 h5 43. Ka3 Bb5 44. Kb4 Bc6 45. c4 Kg7 46. g3 Kf6
47. f4 gxf4 48. gxf4 Ke6 49. Ka3 Kd6 50. Kb4 h4 51. h3 Bg2 0-1

[Event "ENCI Limburg-open C"]
[Site "Maastricht"]
[Date "2012.05.26"]
[Round "2"]
[White "Daemen, Jules"]
[Black "Arns, Danny"]
[Result "0-1"]
[WhiteElo "1668"]
[BlackElo "1530"]
[PlyCount "99"]
[EventDate "2012.05.25"]
[EventType "swiss"]
[EventRounds "7"]
[EventCountry "NED"]
[Source "P.Boonen"]
[SourceDate "2013.01.01"]

1. Nc3 Nf6 2. g3 d5 3. Bg2 c6 4. d3 e6 5. Nf3 Bd6 6. Bg5 Nbd7 7. e4 Qc7 8. Qe2
dxe4 9. Nxe4 Nxe4 10. dxe4 e5 11. O-O f6 12. Be3 O-O 13. Rfd1 Rd8 14. Nh4 Nb6
15. c4 c5 16. b3 Be6 17. Bf3 Rd7 18. Bg4 Bxg4 19. Qxg4 Kf7 20. Nf5 Bf8 21.
Rxd7+ Nxd7 22. Rd1 Rd8 23. Rd5 g6 24. Nh6+ Bxh6 25. Bxh6 Nb6 26. Rxd8 Qxd8 27.
Be3 Qd6 28. h4 h5 29. Qe2 Nd7 30. g4 hxg4 31. Qxg4 Qe6 32. Qf3 b6 33. h5 gxh5
34. Qxh5+ Ke7 35. Qh7+ Qf7 36. Qxf7+ Kxf7 37. Kf1 Kg6 38. Ke2 Kh5 39. Bd2 Nf8
40. a3 Ne6 41. b4 Kg4 42. Be3 Nf4+ 43. Kd2 Ne6 44. Kd3 Kf3 45. b5 Nf4+ 46. Kd2
Kxe4 47. a4 f5 48. a5 Ne6 49. Ke2 Nd4+ 50. Ke1 0-1

[Event "ENCI Limburg-open C"]
[Site "Maastricht"]
[Date "2012.05.26"]
[Round "2"]
[White "De Boer, Guus"]
[Black "Elisen, Peter"]
[Result "1-0"]
[WhiteElo "1647"]
[BlackElo "1431"]
[PlyCount "53"]
[EventDate "2012.05.25"]
[EventType "swiss"]
[EventRounds "7"]
[EventCountry "NED"]
[Source "P.Boonen"]
[SourceDate "2013.01.01"]

1. d4 Nf6 2. Nf3 d6 3. Bf4 g6 4. e3 Bg7 5. Be2 O-O 6. O-O Nbd7 7. Nbd2 Nh5 8.
Bg5 h6 9. Bh4 f5 10. Ne1 Nhf6 11. Bg3 e5 12. c3 Ne8 13. Nd3 g5 14. f3 f4 15.
Bf2 Qf6 16. exf4 gxf4 17. g3 Qg6 18. dxe5 Nxe5 19. Nxe5 Bxe5 20. Ne4 Nf6 21.
Nxf6+ Rxf6 22. Bd3 Qg7 23. Kh1 Kh8 24. gxf4 Bxf4 25. Rg1 Qf7 26. Bh4 Qh5 27.
Bxf6# 1-0

[Event "ENCI Limburg-open C"]
[Site "Maastricht"]
[Date "2012.05.26"]
[Round "2"]
[White "De Lange, Marieke"]
[Black "Deniz, Patrick"]
[Result "0-1"]
[WhiteElo "1223"]
[BlackElo "800"]
[PlyCount "70"]
[EventDate "2012.05.25"]
[EventType "swiss"]
[EventRounds "7"]
[EventCountry "NED"]
[Source "P.Boonen"]
[SourceDate "2013.01.01"]

1. d4 d5 2. c4 c6 3. Nc3 Nf6 4. Nf3 Bf5 5. e3 Ne4 6. Qc2 e6 7. c5 Ng3 8. Bd3
Bxd3 9. Qxd3 Nxh1 10. Bd2 Be7 11. Qe2 O-O 12. O-O-O Nxf2 13. Qxf2 Nd7 14. e4 b6
15. Qg3 g6 16. Bh6 Re8 17. Ne5 Nxe5 18. Qxe5 f6 19. Qxe6+ Kh8 20. Rf1 Rg8 21.
g4 g5 22. e5 Rg6 23. exf6 Bxf6 24. Rxf6 Rxf6 25. Qe5 Kg8 26. Qxg5+ Rg6 27. Qf4
Qf6 28. Qd2 Rxh6 29. g5 Qf1+ 30. Kc2 Rf8 31. Kb3 Qc4+ 32. Ka3 Re6 33. Qg2 a5
34. b3 Qxc3 35. Qh3 Qxh3 0-1

[Event "ENCI Limburg-open C"]
[Site "Maastricht"]
[Date "2012.05.26"]
[Round "2"]
[White "De Ruyter, Wim"]
[Black "Hoferichter, Michael"]
[Result "1-0"]
[WhiteElo "1681"]
[BlackElo "1188"]
[PlyCount "83"]
[EventDate "2012.05.25"]
[EventType "swiss"]
[EventRounds "7"]
[EventCountry "NED"]
[Source "P.Boonen"]
[SourceDate "2013.01.01"]

1. e4 e6 2. d4 d5 3. Nd2 c5 4. exd5 Qxd5 5. Ngf3 cxd4 6. Bc4 Qd8 7. O-O Nf6 8.
Nb3 Qc7 9. Qxd4 Nc6 10. Bb5 Bd7 11. Qc4 Bd6 12. Bg5 Ne5 13. Nxe5 Qxc4 14. Bxd7+
Nxd7 15. Nxc4 Be7 16. Bxe7 Kxe7 17. Rad1 Rac8 18. Ne3 Rhd8 19. Rfe1 g6 20. f4
Kf8 21. Rd2 Nf6 22. Rxd8+ Rxd8 23. Rd1 Rxd1+ 24. Nxd1 Nd5 25. Nc5 b6 26. Nd3 f6
27. Kf2 Ke7 28. Ne3 Nxe3 29. Kxe3 Kd6 30. Kd4 a5 31. a4 Kc6 32. Kc4 h6 33. g4
Kd6 34. Kb5 e5 35. fxe5+ fxe5 36. Kxb6 e4 37. Ne1 Kd5 38. Kxa5 Kd4 39. Ng2 Kc5
40. Ka6 Kb4 41. a5 g5 42. Kb6 1-0

[Event "ENCI Limburg-open C"]
[Site "Maastricht"]
[Date "2012.05.26"]
[Round "2"]
[White "Dijksman, Sebastiaan"]
[Black "Ousmane, Tijany"]
[Result "1-0"]
[WhiteElo "1654"]
[BlackElo "1519"]
[PlyCount "89"]
[EventDate "2012.05.25"]
[EventType "swiss"]
[EventRounds "7"]
[EventCountry "NED"]
[Source "P.Boonen"]
[SourceDate "2013.01.01"]

1. d4 Nf6 2. c4 e5 3. d5 Bb4+ 4. Bd2 Bxd2+ 5. Nxd2 d6 6. e4 Nbd7 7. Bd3 Nc5 8.
Bc2 c6 9. b4 Na6 10. Rb1 Qb6 11. b5 cxb5 12. Rxb5 Qc7 13. Ngf3 Nc5 14. O-O O-O
15. Qe2 h6 16. Ne1 Bg4 17. f3 Bh5 18. Nd3 a6 19. Rb2 Nxd3 20. Qxd3 Nd7 21. Nb3
Rfc8 22. Nd2 Qc5+ 23. Kh1 Nb6 24. Bb3 Qa3 25. Rfb1 Na4 26. Rc2 Rc7 27. Qf1 Nc5
28. Rbb2 Bg6 29. Nb1 Qa5 30. Nc3 f5 31. Qe2 Rf8 32. Rc1 Rcf7 33. Rbb1 fxe4 34.
Nxe4 Bxe4 35. fxe4 Rf2 36. Qg4 Qd2 37. h3 R2f4 38. Qg6 Nxe4 39. Bc2 Qe2 40.
Rxb7 R8f7 41. Rxf7 Nf2+ 42. Kh2 Rxf7 43. Rb1 e4 44. Rb8+ Rf8 45. Rb7 1-0

[Event "ENCI Limburg-open C"]
[Site "Maastricht"]
[Date "2012.05.26"]
[Round "2"]
[White "Geene, Patrick"]
[Black "Dijkhuis, Oele"]
[Result "1/2-1/2"]
[WhiteElo "1511"]
[BlackElo "988"]
[PlyCount "74"]
[EventDate "2012.05.25"]
[EventType "swiss"]
[EventRounds "7"]
[EventCountry "NED"]
[Source "P.Boonen"]
[SourceDate "2013.01.01"]

1. e4 e5 2. Nf3 Nc6 3. Bc4 Nf6 4. d3 d6 5. Nc3 Bg4 6. Bxf7+ Kxf7 7. h3 Bxf3 8.
Qxf3 Nd4 9. Qd1 Be7 10. Be3 Rf8 11. Nb1 Qd7 12. c3 Ne6 13. Nd2 Kg8 14. Nf3 Qb5
15. Qd2 Nc5 16. Rd1 a5 17. Ng5 a4 18. Bxc5 Qxc5 19. Ne6 Qb6 20. Nxf8 Rxf8 21.
O-O d5 22. Qc2 dxe4 23. dxe4 Nh5 24. Kh2 Qg6 25. Qxa4 Nf4 26. g3 Ne6 27. Qc4
Bc5 28. f3 Kh8 29. Qd5 Bd6 30. Qxb7 Ng5 31. Kg2 Qe6 32. g4 Qc4 33. Rd2 Nxh3 34.
Rfd1 Nf4+ 35. Kg3 Ne2+ 36. Kg2 Nf4+ 37. Kg3 Ne2+ 1/2-1/2

[Event "ENCI Limburg-open C"]
[Site "Maastricht"]
[Date "2012.05.26"]
[Round "2"]
[White "Godding, Mick"]
[Black "De Coninck, Erik"]
[Result "1-0"]
[WhiteElo "1636"]
[BlackElo "1389"]
[PlyCount "71"]
[EventDate "2012.05.25"]
[EventType "swiss"]
[EventRounds "7"]
[EventCountry "NED"]
[Source "P.Boonen"]
[SourceDate "2013.01.01"]

1. e4 c6 2. d4 d5 3. exd5 cxd5 4. Bd3 Nc6 5. c3 Nf6 6. Bf4 Bg4 7. Nf3 e6 8.
Nbd2 Be7 9. O-O O-O 10. h3 Bh5 11. Qc2 Bg6 12. Rfe1 a6 13. Bxg6 hxg6 14. a4 b5
15. axb5 axb5 16. b4 Qc8 17. Rxa8 Qxa8 18. Nb3 Ne4 19. Ra1 Qb7 20. Nc5 Nxc5 21.
bxc5 Ra8 22. Rxa8+ Qxa8 23. Qb2 Qa4 24. Ne5 Qa6 25. Nxc6 Qxc6 26. Qa3 f6 27.
Qa7 g5 28. Bxg5 Bxc5 29. Qxc5 Qa6 30. Be3 Qa5 31. Qc8+ Kh7 32. Qxe6 Qxc3 33.
Qf5+ Kh8 34. Qh5+ Kg8 35. Qxd5+ Kh7 36. Qxb5 1-0

[Event "ENCI Limburg-open C"]
[Site "Maastricht"]
[Date "2012.05.26"]
[Round "2"]
[White "Halfhide, Sebastian"]
[Black "De Lange, Gerard"]
[Result "0-1"]
[WhiteElo "1119"]
[BlackElo "1630"]
[PlyCount "64"]
[EventDate "2012.05.25"]
[EventType "swiss"]
[EventRounds "7"]
[EventCountry "NED"]
[Source "P.Boonen"]
[SourceDate "2013.01.01"]

1. e4 Nf6 2. Nc3 d6 3. d4 Nc6 4. Be3 e5 5. d5 Ne7 6. Qd2 Ng6 7. h3 Bd7 8. Nf3
Be7 9. Bc4 Nh5 10. g3 a6 11. Be2 Nf6 12. g4 h6 13. Bd3 c5 14. dxc6 Bxc6 15.
O-O-O Qc7 16. Qe2 O-O-O 17. Nd2 d5 18. exd5 Nxd5 19. Nxd5 Bxd5 20. Be4 Bxa2 21.
f3 Bc5 22. h4 Ne7 23. Nb1 Be6 24. Nc3 Qa5 25. Kb1 Bb4 26. Bf5 Nxf5 27. gxf5
Bxf5 28. Qc4+ Kb8 29. Qxf7 g6 30. Nd5 Rhf8 31. Qg7 Rxd5 32. Bd2 Rfd8 0-1

[Event "ENCI Limburg-open C"]
[Site "Maastricht"]
[Date "2012.05.26"]
[Round "2"]
[White "Heman, Frans"]
[Black "Orbons, Richard"]
[Result "1/2-1/2"]
[WhiteElo "1550"]
[BlackElo "1668"]
[PlyCount "66"]
[EventDate "2012.05.25"]
[EventType "swiss"]
[EventRounds "7"]
[EventCountry "NED"]
[Source "P.Boonen"]
[SourceDate "2013.01.01"]

1. f4 d5 2. Nf3 Nf6 3. e3 Nc6 4. Bb5 Bd7 5. Bxc6 Bxc6 6. d3 b6 7. O-O e6 8. b3
Be7 9. Ne5 Bb7 10. Bb2 O-O 11. Nd2 c5 12. Rf3 d4 13. e4 Ne8 14. Rh3 f5 15. Qh5
Nf6 16. Qh4 g6 17. Qg3 Qe8 18. Re1 fxe4 19. Nxe4 Nd5 20. Bc1 Rd8 21. Ng5 Bxg5
22. Qxg5 Rf5 23. Qh6 Nf6 24. g4 Rxe5 25. fxe5 Qc6 26. Rg3 Qh1+ 27. Kf2 Nxg4+
28. Ke2 Nxh6 29. Rxh1 Bxh1 30. Bxh6 Bc6 31. Bg5 Rf8 32. Bf6 Be8 33. h4 h6 {....
.} 1/2-1/2

[Event "ENCI Limburg-open C"]
[Site "Maastricht"]
[Date "2012.05.26"]
[Round "2"]
[White "Heuts, Guido"]
[Black "Hoornstra, Ischa"]
[Result "1-0"]
[WhiteElo "1374"]
[BlackElo "983"]
[PlyCount "91"]
[EventDate "2012.05.25"]
[EventType "swiss"]
[EventRounds "7"]
[EventCountry "NED"]
[Source "P.Boonen"]
[SourceDate "2013.01.01"]

1. d4 d5 2. c4 e6 3. Nc3 c5 4. e3 Nf6 5. Nf3 Nc6 6. Be2 Bd6 7. h3 O-O 8. O-O
Bd7 9. Nb5 Be7 10. b3 a6 11. Nc3 Qc7 12. cxd5 exd5 13. Ba3 b6 14. dxc5 Be6 15.
cxb6 Qd7 16. Bxe7 Nxe7 17. Rc1 Bxh3 18. Ne5 Qf5 19. f4 h5 20. gxh3 Qxh3 21. Rf3
Qe6 22. Kf2 g5 23. fxg5 Ne4+ 24. Nxe4 dxe4 25. Rg3 Qxe5 26. Qh1 Nf5 27. Rg2 Ng7
28. Bxh5 Rab8 29. Be2 Rxb6 30. Rh2 f6 31. Rh8+ Kf7 32. Bc4+ Ke7 33. Rxf8 Qb2+
34. Kg3 Nf5+ 35. Kg4 Nxe3+ 36. Kf4 Ng2+ 37. Kxe4 Kxf8 38. Qh8+ Ke7 39. Qg7+ Kd6
40. Rd1+ Kc5 41. Qf8+ Kc6 42. Rd6+ Kb7 43. Bd5+ Rc6 44. Qe7+ Kb8 45. Rd8+ Rc8
46. Qb7# 1-0

[Event "ENCI Limburg-open C"]
[Site "Maastricht"]
[Date "2012.05.26"]
[Round "2"]
[White "Janssen, Fynn"]
[Black "Van Ee, Ron"]
[Result "1-0"]
[WhiteElo "935"]
[BlackElo "1347"]
[PlyCount "91"]
[EventDate "2012.05.25"]
[EventType "swiss"]
[EventRounds "7"]
[EventCountry "NED"]
[Source "P.Boonen"]
[SourceDate "2013.01.01"]

1. e4 e5 2. Nf3 Nc6 3. d4 f6 4. d5 Nb4 5. a3 Na6 6. Nc3 Bc5 7. b4 Bb6 8. Na4
Bd4 9. Nxd4 exd4 10. Qxd4 d6 11. Bb5+ Bd7 12. Qd3 Ne7 13. Nc3 O-O 14. Bxa6 bxa6
15. Qxa6 Qb8 16. Qd3 Ng6 17. O-O Ne5 18. Qe2 Bg4 19. f3 Bd7 20. Bf4 Qb6+ 21.
Qe3 Qb7 22. Bxe5 dxe5 23. Qc5 c6 24. Rad1 Rac8 25. Rd2 cxd5 26. Qxd5+ Qxd5 27.
Nxd5 Rfe8 28. Rc1 Be6 29. Ne3 Rc3 30. Rd3 Rc6 31. c4 Rec8 32. Rdc3 a6 33. c5
Ra8 34. a4 a5 35. b5 Rcc8 36. c6 Rab8 37. Rc5 Bb3 38. Ra1 Rc7 39. Ra3 Be6 40.
Nd5 Bxd5 41. Rxd5 Rb6 42. Rad3 Kf7 43. Rd7+ Rxd7 44. cxd7 Rb8 45. d8=Q Rxd8 46.
Rxd8 1-0

[Event "ENCI Limburg-open C"]
[Site "Maastricht"]
[Date "2012.05.26"]
[Round "2"]
[White "Kaiser, Anton"]
[Black "Dols, Jos"]
[Result "0-1"]
[WhiteElo "1192"]
[BlackElo "1571"]
[PlyCount "66"]
[EventDate "2012.05.25"]
[EventType "swiss"]
[EventRounds "7"]
[EventCountry "NED"]
[Source "P.Boonen"]
[SourceDate "2013.01.01"]

1. e4 c5 2. Nf3 e6 3. d4 cxd4 4. Nxd4 Nc6 5. Nc3 Bb4 6. Bd3 Nxd4 7. Be3 e5 8.
O-O Bxc3 9. bxc3 Ne6 10. Bc4 Ne7 11. Bxe6 fxe6 12. f4 O-O 13. Qg4 d6 14. fxe5
Rxf1+ 15. Rxf1 dxe5 16. Bh6 Ng6 17. Bg5 Qe8 18. h4 Nf4 19. g3 Qh5 20. Qxh5 Nxh5
21. g4 Ng3 22. Rd1 Nxe4 23. Rd8+ Kf7 24. c4 Nxg5 25. hxg5 b6 26. Kf2 Kg6 27.
Kg3 Kxg5 28. Rg8 Kg6 29. a3 Bb7 30. Rxa8 Bxa8 31. c3 Kg5 32. Kh3 Kf4 33. Kh4 e4
0-1

[Event "ENCI Limburg-open C"]
[Site "Maastricht"]
[Date "2012.05.26"]
[Round "2"]
[White "Kalkman de Koster, Franzke"]
[Black "Rosenbrand, Stefan"]
[Result "1-0"]
[WhiteElo "1623"]
[BlackElo "1381"]
[PlyCount "63"]
[EventDate "2012.05.25"]
[EventType "swiss"]
[EventRounds "7"]
[EventCountry "NED"]
[Source "P.Boonen"]
[SourceDate "2013.01.01"]

1. d4 d5 2. c4 e6 3. Nf3 c6 4. cxd5 exd5 5. Nc3 Bf5 6. a3 Qc7 7. g3 Bd6 8. Bg2
Nd7 9. O-O Ngf6 10. h3 O-O 11. Bd2 Rae8 12. Rc1 h6 13. Nb5 Qb8 14. Nxd6 Qxd6
15. Bb4 c5 16. dxc5 Qe6 17. c6 bxc6 18. Bxf8 Nxf8 19. Nd4 Qd7 20. Nxf5 Qxf5 21.
Rxc6 Ng6 22. Rc5 Rd8 23. e4 Nxe4 24. Bxe4 Qxe4 25. Qc2 Qe6 26. Kg2 d4 27. b4 d3
28. Qd2 Qe4+ 29. f3 Qd4 30. Re1 f6 31. Re4 Qa1 32. Rc3 1-0

[Event "ENCI Limburg-open C"]
[Site "Maastricht"]
[Date "2012.05.26"]
[Round "2"]
[White "Keetman, Stef"]
[Black "Steenman, Tomas"]
[Result "1-0"]
[WhiteElo "1549"]
[BlackElo "1208"]
[PlyCount "105"]
[EventDate "2012.05.25"]
[EventType "swiss"]
[EventRounds "7"]
[EventCountry "NED"]
[Source "P.Boonen"]
[SourceDate "2013.01.01"]

1. e4 c5 2. Nc3 d6 3. f4 e5 4. fxe5 dxe5 5. Nf3 Bg4 6. Bb5+ Nd7 7. h3 Bxf3 8.
Qxf3 a6 9. Bc4 Qf6 10. O-O Qxf3 11. Rxf3 Ngf6 12. d3 Rc8 13. Bg5 Be7 14. Bxf6
Bxf6 15. Raf1 h5 16. Bd5 Rc7 17. Nd1 Nb6 18. Ne3 Rd7 19. Bb3 O-O 20. Nf5 Kh7
21. R1f2 g6 22. Ne3 c4 23. Nxc4 Bd8 24. Nxe5 Re7 25. Rxf7+ Rfxf7 26. Rxf7+ Rxf7
27. Nxf7 Bf6 28. c3 Kg7 29. Nd6 Bg5 30. e5 Bf4 31. d4 Bc1 32. e6 Kf8 33. d5
Bxb2 34. c4 Ke7 35. Nxb7 Ba3 36. Kf1 Bb4 37. c5 Nd7 38. exd7 Kxd7 39. c6+ Kc7
40. Ke2 g5 41. Kf3 g4+ 42. hxg4 hxg4+ 43. Kxg4 a5 44. Kf5 a4 45. Bxa4 Bd6 46.
g4 Be7 47. g5 Bxg5 48. Kxg5 Kc8 49. d6 Kb8 50. Nc5 Ka8 51. c7 Ka7 52. c8=Q Kb6
53. Qc6+ 1-0

[Event "ENCI Limburg-open C"]
[Site "Maastricht"]
[Date "2012.05.26"]
[Round "2"]
[White "Klokgieters, Dick"]
[Black "Kroon, Joppe"]
[Result "1-0"]
[WhiteElo "1534"]
[BlackElo "1053"]
[PlyCount "61"]
[EventDate "2012.05.25"]
[EventType "swiss"]
[EventRounds "7"]
[EventCountry "NED"]
[Source "P.Boonen"]
[SourceDate "2013.01.01"]

1. d4 g6 2. c3 Bg7 3. g3 c5 4. Bg2 cxd4 5. cxd4 d6 6. Nc3 Nf6 7. Nf3 O-O 8. O-O
Bd7 9. e4 Nc6 10. Re1 Qc7 11. e5 dxe5 12. Nxe5 Be8 13. Bf4 Qc8 14. Rc1 Nd7 15.
Nxc6 bxc6 16. Nd5 Qb7 17. Nxe7+ Kh8 18. Bxc6 Qxb2 19. Rc2 Qxd4 20. Qxd4 Bxd4
21. Bxa8 Nb6 22. Bg2 Bg7 23. Bd6 Ba4 24. Rc7 Rd8 25. Nc6 Rg8 26. Ne5 h6 27.
Nxf7+ Kh7 28. Be5 Bxe5 29. Nxe5+ Rg7 30. Rxg7+ Kxg7 31. Nc6 1-0

[Event "ENCI Limburg-open C"]
[Site "Maastricht"]
[Date "2012.05.26"]
[Round "2"]
[White "Kroon, Mike"]
[Black "Keetman, Sandra"]
[Result "1-0"]
[WhiteElo "1598"]
[BlackElo "1372"]
[PlyCount "99"]
[EventDate "2012.05.25"]
[EventType "swiss"]
[EventRounds "7"]
[EventCountry "NED"]
[Source "P.Boonen"]
[SourceDate "2013.01.01"]

1. e4 e5 2. Nf3 Nc6 3. d4 exd4 4. Bc4 Bc5 5. O-O d6 6. c3 Bg4 7. Bxf7+ Kf8 8.
Bxg8 Rxg8 9. cxd4 Nxd4 10. Nxd4 Bxd1 11. Ne6+ Ke7 12. Nxd8 Raxd8 13. Rxd1 Rgf8
14. Bg5+ Kd7 15. Bxd8 Bxf2+ 16. Kh1 Rxd8 17. Nc3 Re8 18. Rd2 Be3 19. Rd3 Bb6
20. Re1 Ba5 21. e5 Kc8 22. e6 a6 23. Rf3 c6 24. Rf7 d5 25. Rc1 d4 26. Ne4 Rxe6
27. Nc5 Rh6 28. Rd1 Bb6 29. Re1 Rd6 30. Nxb7 Rd7 31. Rxd7 Kxd7 32. Kg1 c5 33.
Kf2 Kc6 34. Re7 c4 35. Ke2 Bc7 36. Rxg7 Kxb7 37. Rxh7 Kb6 38. h4 Bf4 39. Rf7
Bc1 40. b3 c3 41. Rf5 Be3 42. Kd3 a5 43. g4 Bd2 44. g5 Kc6 45. h5 Kd6 46. h6
Ke6 47. Rxa5 Kf7 48. Ra6 Bxg5 49. h7 Kg7 50. Rg6+ 1-0